00230nam a2200085Ia 4500001000800000005001700008008004100025245005100066260002700117103416220250826231723.0250824s9999 xx 000 0 und d 0aKOVUN BENİ BU OKULDAN cHALENUR ÇALIŞAN  bTAZE KİTAP YAYINLARI